000 00301nam a22001097a 4500
041 _aENG
245 _aMaharashtra Krishi Vidyapeethe Sanyukta Krishi Sanshodhan Ani Vikas Samiticya Shifarashi
260 _aMaharashtra
_bMCAER
_c2006
300 _a179
650 _aMarhati (33)
856 _uMarhati (33)
999 _c2990
_d2990